Modern Family Character Quiz - Statistics

General Stats
  • This quiz has been taken 3,167 times
    2,822 since last reset
  • The average score is 13 of 15
Answer Stats
Hint Answer % Correct
Delgado Manny
99%
Delgado-Pritchett Gloria
98%
Dunphy Phil
98%
Dunphy Alex
97%
Tucker Cameron
97%
Dunphy Claire
97%
Dunphy Luke
97%
Dunphy Haley
96%
Pritchett Jay
95%
Tucker-Pritchett Lily
95%
Pritchett Mitchell
95%
Pritchett DeDe
73%
Delgado Javier
70%
Pritchett Joe
62%
Dunphy Frank
59%
No matching quizzes found
Score Distribution
Percent of People with Each Score
Percentile by Number Answered
Your Score History
You have not taken this quiz since the last reset